Statistics for The Sopranos Episodes

Click here to take the quiz!

General Stats

  • This quiz has been taken 705 times
  • The average score is 42 of 86

Answer Stats

HintAnswer% Correct
1Pilot (The Sopranos)
94%
6BMade in America
81%
1College
80%
3Pine Barrens
80%
6BThe Blue Comet
72%
2Funhouse
66%
1I Dream of Jeannie Cusamano
65%
4Whitecaps
64%
5Long Term Parking
62%
3University
62%
146 Long
60%
1Boca
60%
1Isabella
60%
6BKennedy and Heidi
60%
6BSoprano Home Movies
58%
5Two Tonys
58%
4Christopher
57%
1Meadowlands
57%
4Pie-O-My
57%
2The Knight in White Satin Armor
57%
2D-Girl
55%
1Pax Soprana
55%
4Whoever Did This
55%
1A Hit Is a Hit
54%
1The Legend of Tennessee Moltisanti
54%
5The Test Dream
53%
2Commendatori
52%
3Employee of the Month
52%
1Denial, Anger, Acceptance
51%
2Toodle-F**king-Oo
51%
3Amour Fou
50%
2Guy Walks into a Psychiatrist's Office...
50%
3Mr. Ruggerio's Neighborhood
50%
6AMembers Only
49%
6AKaisha
48%
6BStage 5
48%
5All Due Respect
47%
3Army of One
47%
5Cold Cuts
47%
6AJohnny Cakes
47%
6ALive Free or Die
47%
4Calling All Cars
46%
1Down Neck
46%
6AMayham
46%
1Nobody Knows Anything
46%
6BThe Second Coming
46%
3Proshai, Livushka
45%
6BRemember When
45%
3Another Toothpick
44%
6BChasing It
44%
4Eloise
44%
2Full Leather Jacket
44%
5Rat Pack
44%
4The Weight
43%
6BWalk Like a Man
43%
3He Is Risen
42%
2House Arrest
42%
5Marco Polo
42%
6AMr. and Mrs. John Sacrimoni Request...
42%
5Unidentified Black Males
42%
6ACold Stones
41%
4For All Debts Public and Private
41%
6AJoin the Club
41%
4The Strong, Silent Type
41%
3...To Save Us All from Satan's Power
41%
2Bust Out
40%
6AThe Ride
40%
3The Telltale Moozadell
40%
2Do Not Resuscitate
39%
5Irregular Around the Margins
39%
2The Happy Wanderer
39%
5Where's Johnny
39%
2Big Girls Don't Cry
38%
5In Camelot
38%
3Second Opinion
38%
6AThe Fleshy Part of the Thigh
38%
6AMoe n' Joe
37%
4No Show
37%
5Sentimental Education
37%
3Fortunate Son
36%
6ALuxury Lounge
36%
4Watching Too Much Television
36%
2From Where to Eternity
35%
5All Happy Families...
34%
4Mergers and Acquisitions
33%
4Everybody Hurts
32%

Score Distribution

Percentile by Number Answered

Percent of People with Each Score

Your Score History

You have not taken this quiz